000 nam a22 7a 4500
999 _c10572
_d10572
008 180219b ||||| |||| 00| 0 eng d
100 _aNCERT
_96473
245 _aChemistry-XI
260 _aNew Delhi
_bNCERT
_c2009